00711nam a2200157Ia 4500008004100000100002100041245013500062245011600197260005300313260000900366300001000375650001500385856006100400999001900461952007300480170221s9999 xx 000 0 und d aMubarak Aldosari aLinking Cooperative Health Insurance Service Characteristics to Expatriates’ Satisfaction: Mediating Role of Customer Knowledge  cMubarak Aldosari, Yusnidah Ibrahim, Norlida Binti Abdul Manab, Ebrahim Mohammed Al-Matari, Eqab Aiyadh Alotaibi bInternational Review of Management and Marketing c2016 a6 : 4 xMarketing. uhttp://www.econjournals.com/index.php/irmm/issue/view/88 c308335d308335 001040aCLbCLd2017-02-21l0r2017-02-21 00:00:00w2017-02-21yFOJ